000 00750nam a22002177a 4500
005 20150320122533.0
008 140123t sp||||| |||| 00| 0 spa d
020 _a9788476589465
050 0 4 _aB2948
_bT39 2010
100 1 _aTaylor, Charles
245 1 0 _aHegel /
_cCharles Taylor. ; tr. Francisco Castro Merrifield, Carlos Mendiola Mejía
260 _aBarcelona, España :
_bAnthropos,
_c2010
300 _a520 p. ;
_c24 cm.
490 1 _aAutores,Textos y Temas Filosofía,
_vNo. 78
500 _aIncluye Bibliografias e Indice
600 _aGeorg Wilhelm Friedrich Hegel,
_d1770-1831
700 1 _aCastro Merrifield, Francisco ,
_etr.
700 1 _aMendiola Mejía, Carlos,
_etr.
700 1 _aLazo Briones, Pablo,
_etr.
942 _2ddc
_cLIB
999 _c90144
_d90144